000 00629nam a2200181 a 4500
001 000030639
005 20200930062426.0
008 110525s1997 sp 000 0 spa d
020 _a8489133050
040 _aDO-SdBNP
_bspa
_cBNPHU
100 1 _aNykvist, Sven
_957226
240 1 0 _aVördnad för ljuset
_lEspañol
245 1 0 _aCulto a la luz :
_bconversaciones con Bengt Forslund sobre el cine y su gente /
_cSven Nykvist ; traducción Francisco J. Uríz.
260 _aMadrid :
_bDel Imán ,
_c1997.
300 _a259 p. :
_bretrs. ;
_c21 cm.
500 _aTraducido del idioma sueco
700 1 _aUríz, Francisco J.
_etr.
_957227
999 _c30131
_d30131